000 00483pam a2200157a 44500
008 230515b2018 xxu||||| |||| 00| 0 eng d
020 _a9789383864317
041 _aENGLISH
082 _a000
100 _aMINISTRY OF AYUSH
245 _aAYURVEDA BASED DIET AND LIFE STYLE GUIDELINE FOR PREVETION OF CARDIC DISORDERS
250 _aI
260 _aNEWDELHI
_bNULL
_c2018
300 _a28
650 _aAYURVEDA BASED DIET AND LIFE STYLE GUIDELINE FOR PREVETION OF CARDIC DISORDERS
999 _c502252
_d502252